1er Coloquio Distrital Gestión de Bibliotecas Comunitarias, Tendencias y Desafíos : memorias, 23 y 24 de junio de 2011 (Registro nro. 33723)

Detalles MARC
000 -CABECERA
Longitud fija campo de control 00725nam a2200169 4500
003 - • IDENTIFICADOR DELl NÚMERO DE CONTROL
Identificador del número de control CO-ViMGA
040 ## - FUENTE DE LA CATALOGACIÓN
Centro catalogador de origen CO-ViMGA
Lengua de catalogación spa
Centro transcriptor CO-ViMGA
082 04 - • NÚMERO DE LA CLASIFICACIÓN DECIMAL DEWEY
Número de clasificación (R) 027.4
Número del ítem A511
111 ## - • PUNTO DE ACCESO PRINCIPAL-NOMBRE DE CONGRESO
Nombre de congreso o jurisdicción como elemento de entrada Coloquio Distrital de Gestión de Bibliotecas Comunitarias, Tendencias y Desafíos
Sede del congreso Bogotá :
Fecha del congreso 2011
245 10 - • TITULO PROPIAMENTE DICHO
Título 1er Coloquio Distrital Gestión de Bibliotecas Comunitarias, Tendencias y Desafíos : memorias, 23 y 24 de junio de 2011
250 ## - • MENCIÓN DE EDICIÓN
Mención de edición 1a. ed.
300 ## - • DESCRIPCIÓN FÍSICA
Extensión 118 p. ;
Otras características físicas 22 cm
650 14 - • PUNTO DE ACCESO ADICIONAL DE MATERIA - TÉRMINO DE MATERIA
Término de materia o nombre geográfico como elemento inicial Administración de bibliotecas públicas-
Subdivisión de forma Congresos, conferencias, etc.
Subdivisión geográfica Colombia-
650 14 - • PUNTO DE ACCESO ADICIONAL DE MATERIA - TÉRMINO DE MATERIA
Término de materia o nombre geográfico como elemento inicial Bibliotecas comunitarias-
Subdivisión de forma Congresos, conferencias, etc.-
Subdivisión geográfica Colombia
942 ## - ENTRADA DE ELEMENTOS AGREGADOS (KOHA)
Fuente de clasificaión o esquema Dewey Decimal Classification
Koha [por defecto] tipo de item LIbro
Existencias
Perdido Fuente de clasificación o esquema Estado Físico No para préstamo Forma de adquisición Localización permanente Localización actual Fecha adquisición Préstamos totales Signatura completa Código de barras Fecha última consulta Número de copia Fecha del precio de reemplazo Tipo de item de Koha Localización en estanterías
  Dewey Decimal Classification     Colección General Biblioteca Pública José Eustasio Rivera - San Martin Biblioteca Pública José Eustasio Rivera - San Martin 07/03/2025   027.4 A511 SM04064 07/03/2025 Ej.1 07/03/2025 LIbro General
  Dewey Decimal Classification     Sala General Segundo Piso Biblioteca Pública Germán Arciniegas - Villavicencio Biblioteca Pública Germán Arciniegas - Villavicencio 12/18/2015   027.4 A511 29579 12/18/2015 Ej. 1 12/18/2015 LIbro  









Instituto Departamental de Cultura del Meta - Red Departamental de Bibliotecas Públicas del Meta.